<?xml version="1.0" encoding="UTF-8"?>
<collection xmlns="http://www.loc.gov/MARC21/slim">
 <record>
  <leader>04230nas a22005171  4500</leader>
  <controlfield tag="001">1/50119</controlfield>
  <controlfield tag="008">020124c19619999enkmrzp           a0eng d</controlfield>
  <datafield tag="022" ind1=" " ind2=" ">
   <subfield code="a">0020-7543</subfield>
  </datafield>
  <datafield tag="035" ind1=" " ind2=" ">
   <subfield code="l">2988</subfield>
  </datafield>
  <datafield tag="040" ind1=" " ind2=" ">
   <subfield code="a">DLC</subfield>
   <subfield code="b">GR-PeUP</subfield>
  </datafield>
  <datafield tag="090" ind1=" " ind2=" ">
   <subfield code="a">Αλφαβητική σειρά</subfield>
  </datafield>
  <datafield tag="245" ind1="0" ind2="0">
   <subfield code="a">International journal of production research</subfield>
  </datafield>
  <datafield tag="260" ind1=" " ind2=" ">
   <subfield code="a">London :</subfield>
   <subfield code="b">Institution of Production Engineers,</subfield>
   <subfield code="c">1961-</subfield>
  </datafield>
  <datafield tag="300" ind1=" " ind2=" ">
   <subfield code="a">v. :</subfield>
   <subfield code="b">ill. ;</subfield>
   <subfield code="c">25 cm.</subfield>
  </datafield>
  <datafield tag="310" ind1=" " ind2=" ">
   <subfield code="a">Monthly</subfield>
  </datafield>
  <datafield tag="362" ind1="0" ind2=" ">
   <subfield code="a">Vol.31, no.1(Jan. 1993)-v.37, no.18(Dec. 1999)</subfield>
  </datafield>
  <datafield tag="546" ind1=" " ind2=" ">
   <subfield code="a">English</subfield>
  </datafield>
  <datafield tag="535" ind1="0" ind2=" ">
   <subfield code="a">Κλειστό Βιβλιοστάσιο.</subfield>
  </datafield>
  <datafield tag="650" ind1=" " ind2="4">
   <subfield code="a">Factory management</subfield>
   <subfield code="v">Periodicals.</subfield>
  </datafield>
  <datafield tag="710" ind1="2" ind2=" ">
   <subfield code="a">Institution of Production Engineers (Great Britain)</subfield>
  </datafield>
  <datafield tag="710" ind1="2" ind2=" ">
   <subfield code="a">American Institute of Industrial Engineers.</subfield>
  </datafield>
  <datafield tag="710" ind1="2" ind2=" ">
   <subfield code="a">Society of Manufacturing Engineers.</subfield>
  </datafield>
  <datafield tag="852" ind1=" " ind2=" ">
   <subfield code="a">INST</subfield>
   <subfield code="b">UNIPILB</subfield>
   <subfield code="c">SERIALS</subfield>
   <subfield code="e">20050311</subfield>
   <subfield code="h">Αλφαβητική σειρά</subfield>
   <subfield code="p">41162</subfield>
   <subfield code="q">41162</subfield>
   <subfield code="t">NOLOAN</subfield>
   <subfield code="v">vol.40;no.1:(Μήνας)Jan.;(Ημέρα)10;(Έτος)2002</subfield>
   <subfield code="y">23</subfield>
  </datafield>
  <datafield tag="852" ind1=" " ind2=" ">
   <subfield code="a">INST</subfield>
   <subfield code="b">UNIPILB</subfield>
   <subfield code="c">SERIALS</subfield>
   <subfield code="e">20050311</subfield>
   <subfield code="h">Αλφαβητική σειρά</subfield>
   <subfield code="p">41163</subfield>
   <subfield code="q">41163</subfield>
   <subfield code="t">NOLOAN</subfield>
   <subfield code="v">vol.40;no.2:(Μήνας)Jan.;(Ημέρα)20;(Έτος)2002</subfield>
   <subfield code="y">23</subfield>
  </datafield>
  <datafield tag="852" ind1=" " ind2=" ">
   <subfield code="a">INST</subfield>
   <subfield code="b">UNIPILB</subfield>
   <subfield code="c">SERIALS</subfield>
   <subfield code="e">20050311</subfield>
   <subfield code="h">Αλφαβητική σειρά</subfield>
   <subfield code="p">41164</subfield>
   <subfield code="q">41164</subfield>
   <subfield code="t">NOLOAN</subfield>
   <subfield code="v">vol.40;no.3:(Μήνας)Feb.;(Ημέρα)15;(Έτος)2002</subfield>
   <subfield code="y">23</subfield>
  </datafield>
  <datafield tag="852" ind1=" " ind2=" ">
   <subfield code="a">INST</subfield>
   <subfield code="b">UNIPILB</subfield>
   <subfield code="c">SERIALS</subfield>
   <subfield code="e">20050311</subfield>
   <subfield code="h">Αλφαβητική σειρά</subfield>
   <subfield code="p">41166</subfield>
   <subfield code="q">41166</subfield>
   <subfield code="t">NOLOAN</subfield>
   <subfield code="v">vol.40;no.4:(Μήνας)Mar.;(Ημέρα)10;(Έτος)2002</subfield>
   <subfield code="y">23</subfield>
  </datafield>
  <datafield tag="852" ind1=" " ind2=" ">
   <subfield code="a">INST</subfield>
   <subfield code="b">UNIPILB</subfield>
   <subfield code="c">SERIALS</subfield>
   <subfield code="e">20050311</subfield>
   <subfield code="h">Αλφαβητική σειρά</subfield>
   <subfield code="p">41167</subfield>
   <subfield code="q">41167</subfield>
   <subfield code="t">NOLOAN</subfield>
   <subfield code="v">vol.40;no.5:(Μήνας)Mar.;(Ημέρα)20;(Έτος)2002</subfield>
   <subfield code="y">23</subfield>
  </datafield>
  <datafield tag="852" ind1=" " ind2=" ">
   <subfield code="a">INST</subfield>
   <subfield code="b">UNIPILB</subfield>
   <subfield code="c">SERIALS</subfield>
   <subfield code="e">20050311</subfield>
   <subfield code="h">Αλφαβητική σειρά</subfield>
   <subfield code="p">41168</subfield>
   <subfield code="q">41168</subfield>
   <subfield code="t">NOLOAN</subfield>
   <subfield code="v">vol.40;no.6:(Μήνας)Apr.;(Ημέρα)15;(Έτος)2002</subfield>
   <subfield code="y">23</subfield>
  </datafield>
  <datafield tag="852" ind1=" " ind2=" ">
   <subfield code="a">INST</subfield>
   <subfield code="b">UNIPILB</subfield>
   <subfield code="c">SERIALS</subfield>
   <subfield code="e">20050311</subfield>
   <subfield code="h">Αλφαβητική σειρά</subfield>
   <subfield code="p">41169</subfield>
   <subfield code="q">41169</subfield>
   <subfield code="t">NOLOAN</subfield>
   <subfield code="v">vol.40;no.7:(Μήνας)May;(Ημέρα)10;(Έτος)2002</subfield>
   <subfield code="y">23</subfield>
  </datafield>
  <datafield tag="852" ind1=" " ind2=" ">
   <subfield code="a">INST</subfield>
   <subfield code="b">UNIPILB</subfield>
   <subfield code="c">SERIALS</subfield>
   <subfield code="e">20050311</subfield>
   <subfield code="h">Αλφαβητική σειρά</subfield>
   <subfield code="p">41170</subfield>
   <subfield code="q">41170</subfield>
   <subfield code="t">NOLOAN</subfield>
   <subfield code="v">vol.40;no.8:(Μήνας)May;(Ημέρα)20;(Έτος)2002</subfield>
   <subfield code="y">23</subfield>
  </datafield>
  <datafield tag="852" ind1=" " ind2=" ">
   <subfield code="a">INST</subfield>
   <subfield code="b">UNIPILB</subfield>
   <subfield code="c">SERIALS</subfield>
   <subfield code="e">20050311</subfield>
   <subfield code="h">Αλφαβητική σειρά</subfield>
   <subfield code="p">41171</subfield>
   <subfield code="q">41171</subfield>
   <subfield code="t">NOLOAN</subfield>
   <subfield code="v">vol.40;no.9:(Μήνας)Jun.;(Ημέρα)15;(Έτος)2002</subfield>
   <subfield code="y">23</subfield>
  </datafield>
  <datafield tag="852" ind1=" " ind2=" ">
   <subfield code="a">INST</subfield>
   <subfield code="b">UNIPILB</subfield>
   <subfield code="c">SERIALS</subfield>
   <subfield code="e">20050311</subfield>
   <subfield code="h">Αλφαβητική σειρά</subfield>
   <subfield code="p">41172</subfield>
   <subfield code="q">41172</subfield>
   <subfield code="t">NOLOAN</subfield>
   <subfield code="v">vol.40;no.10:(Μήνας)Jul.;(Ημέρα)10;(Έτος)2002</subfield>
   <subfield code="y">23</subfield>
  </datafield>
  <datafield tag="852" ind1=" " ind2=" ">
   <subfield code="a">INST</subfield>
   <subfield code="b">UNIPILB</subfield>
   <subfield code="c">SERIALS</subfield>
   <subfield code="e">20050311</subfield>
   <subfield code="h">Αλφαβητική σειρά</subfield>
   <subfield code="p">41173</subfield>
   <subfield code="q">41173</subfield>
   <subfield code="t">NOLOAN</subfield>
   <subfield code="v">vol.40;no.11:(Μήνας)Jul.;(Ημέρα)20;(Έτος)2002</subfield>
   <subfield code="y">23</subfield>
  </datafield>
  <datafield tag="852" ind1=" " ind2=" ">
   <subfield code="a">INST</subfield>
   <subfield code="b">UNIPILB</subfield>
   <subfield code="c">SERIALS</subfield>
   <subfield code="e">20050311</subfield>
   <subfield code="h">Αλφαβητική σειρά</subfield>
   <subfield code="p">41175</subfield>
   <subfield code="q">41175</subfield>
   <subfield code="t">NOLOAN</subfield>
   <subfield code="v">vol.40;no.12:(Μήνας)Aug.;(Ημέρα)15;(Έτος)2002</subfield>
   <subfield code="y">23</subfield>
  </datafield>
  <datafield tag="852" ind1=" " ind2=" ">
   <subfield code="a">INST</subfield>
   <subfield code="b">UNIPILB</subfield>
   <subfield code="c">SERIALS</subfield>
   <subfield code="e">20050311</subfield>
   <subfield code="h">Αλφαβητική σειρά</subfield>
   <subfield code="p">41176</subfield>
   <subfield code="q">41176</subfield>
   <subfield code="t">NOLOAN</subfield>
   <subfield code="v">vol.40;no.13:(Μήνας)Sep.;(Ημέρα)10;(Έτος)2002</subfield>
   <subfield code="y">23</subfield>
  </datafield>
  <datafield tag="852" ind1=" " ind2=" ">
   <subfield code="a">INST</subfield>
   <subfield code="b">UNIPILB</subfield>
   <subfield code="c">SERIALS</subfield>
   <subfield code="e">20050311</subfield>
   <subfield code="h">Αλφαβητική σειρά</subfield>
   <subfield code="p">41177</subfield>
   <subfield code="q">41177</subfield>
   <subfield code="t">NOLOAN</subfield>
   <subfield code="v">vol.40;no.14:(Μήνας)Sep.;(Ημέρα)20;(Έτος)2002</subfield>
   <subfield code="y">23</subfield>
  </datafield>
  <datafield tag="852" ind1=" " ind2=" ">
   <subfield code="a">INST</subfield>
   <subfield code="b">UNIPILB</subfield>
   <subfield code="c">SERIALS</subfield>
   <subfield code="e">20050311</subfield>
   <subfield code="h">Αλφαβητική σειρά</subfield>
   <subfield code="p">41178</subfield>
   <subfield code="q">41178</subfield>
   <subfield code="t">NOLOAN</subfield>
   <subfield code="v">vol.40;no.15:(Μήνας)Oct.;(Ημέρα)15;(Έτος)2002</subfield>
   <subfield code="y">23</subfield>
  </datafield>
  <datafield tag="852" ind1=" " ind2=" ">
   <subfield code="a">INST</subfield>
   <subfield code="b">UNIPILB</subfield>
   <subfield code="c">SERIALS</subfield>
   <subfield code="e">20050311</subfield>
   <subfield code="h">Αλφαβητική σειρά</subfield>
   <subfield code="p">41179</subfield>
   <subfield code="q">41179</subfield>
   <subfield code="t">NOLOAN</subfield>
   <subfield code="v">vol.40;no.16:(Μήνας)Nov.;(Ημέρα)10;(Έτος)2002</subfield>
   <subfield code="y">23</subfield>
  </datafield>
  <datafield tag="852" ind1=" " ind2=" ">
   <subfield code="a">INST</subfield>
   <subfield code="b">UNIPILB</subfield>
   <subfield code="c">SERIALS</subfield>
   <subfield code="e">20050311</subfield>
   <subfield code="h">Αλφαβητική σειρά</subfield>
   <subfield code="p">41180</subfield>
   <subfield code="q">41180</subfield>
   <subfield code="t">NOLOAN</subfield>
   <subfield code="v">vol.40;no.17:(Μήνας)Nov.;(Ημέρα)20;(Έτος)2002</subfield>
   <subfield code="y">23</subfield>
  </datafield>
  <datafield tag="852" ind1=" " ind2=" ">
   <subfield code="a">INST</subfield>
   <subfield code="b">UNIPILB</subfield>
   <subfield code="c">SERIALS</subfield>
   <subfield code="e">20050311</subfield>
   <subfield code="h">Αλφαβητική σειρά</subfield>
   <subfield code="p">41181</subfield>
   <subfield code="q">41181</subfield>
   <subfield code="t">NOLOAN</subfield>
   <subfield code="v">vol.40;no.18:(Μήνας)Dec.;(Ημέρα)15;(Έτος)2002</subfield>
   <subfield code="y">23</subfield>
  </datafield>
  <datafield tag="856" ind1="4" ind2="1">
   <subfield code="u">http://www.tandfonline.com/loi/tprs20</subfield>
  </datafield>
  <datafield tag="900" ind1=" " ind2=" ">
   <subfield code="a">Vol. 41 no. 1 (Jan. 14, 2003)</subfield>
   <subfield code="b">Οφειλόμενο</subfield>
   <subfield code="c">07/04/2005</subfield>
  </datafield>
  <datafield tag="950" ind1=" " ind2=" ">
   <subfield code="a">10/01/2002</subfield>
   <subfield code="c">SWETS INFORMATION SERVICES</subfield>
   <subfield code="d">256</subfield>
  </datafield>
  <datafield tag="951" ind1=" " ind2=" ">
   <subfield code="a">Vol. 40 no. 1 (Jan. 10, 2002) - Vol. 40 no. 18 (Dec. 15, 2002)</subfield>
   <subfield code="b">Main run</subfield>
  </datafield>
  <datafield tag="951" ind1=" " ind2=" ">
   <subfield code="a">Vol.31, no.1(Jan. 1993) -v.37, no.18(Dec. 1999)  (v.37, no.18(Dec. 1999)</subfield>
   <subfield code="b">Main run</subfield>
  </datafield>
  <datafield tag="952" ind1=" " ind2=" ">
   <subfield code="a">1997</subfield>
  </datafield>
 </record>
</collection>
